000 00834nam a2200241 i 4500
001 162508
003 ES-MaACL
005 20250812025102.0
008 940217s1894 fr a |||| | fre d
040 _aCAT
_bspa
_cCAT
_dCCPB
080 _a7(59)
100 1 _aPouvourville, Albert de.
_993477
245 1 2 _aL'Art indo-chinois /
_cpar Albert de Pouvourville (Matgioï).
260 _aParis :
_bAncienne maison Quantin, Librairies-imprimeries réunies,
_c1894.
300 _a291 p. :
_bil. ;
_c21 cm.
490 1 _aBibliothèque de l'enseignement des beaux-arts
504 _aReferencias bibliográficas.
597 _aPort. ad.
650 7 _aArte indochino
_2
_9143561
830 0 _aBibliothèque de l'enseignement des beaux-arts
_9181140
852 _aES-MaACL
_jB-2503
_z-- Enc. tela
999 _c162508
_d162508